000 00232nam a2200085Ia 4500
245 0 _aThe media and communications industry
100 _a Wilson, Rosie London, 2009
942 _cBK
008 210818s9999 xx 000 0 und d
999 _c431444
_d431443